000 00718nam a2200253Ia 4500
003 OSt
005 20220925205812.0
006 a|||||r|||| 00| 0
007 ta
008 220923b |||||||| |||| 00| 0 eng d
020 _a8178000970
037 _cGeneral Book
040 _aRTL
_cRTL
_beng
041 _2eng
_aeng
082 _aU288, P5
100 _aGautam N C
_9271055
245 0 _aSpace science and technology for Geographical research and applications
260 _aHyderabad
_bB S Publication
_c2005
300 _a301p
_ccm.
650 _aGeography
700 _a Raghavaswamy V
_9271056
942 _hU288, P5
_cGB
_2CC
999 _c553254
_d553254